ბათუმის შოთა რუსთაველის სახელმწიფო უნივერსიტეტის ბიბლიოთეკა

ტექნიკური მექანიკა (ბიბ.ჩანაწერი № 44450)

000 -LEADER
fixed length control field 00723nam a2200229Ia 4500
001 - CONTROL NUMBER
control field 11219
003 - CONTROL NUMBER IDENTIFIER
control field GE_BSU
008 - FIXED-LENGTH DATA ELEMENTS--GENERAL INFORMATION
fixed length control field 181216s||||||||xx |||||||||||||| ||und||
040 ## - CATALOGING SOURCE
Transcribing agency GE_BSU
080 ## - UNIVERSAL DECIMAL CLASSIFICATION NUMBER
Universal Decimal Classification number 621.031+620.1:539.3
100 ## - MAIN ENTRY--PERSONAL NAME
Personal name აბდულაევი ნ.მ.
245 ## - TITLE STATEMENT
Title ტექნიკური მექანიკა
245 ## - TITLE STATEMENT
Remainder of title (მასალათა გამძლეობა)
245 ## - TITLE STATEMENT
Statement of responsibility, etc. რედ: ა. კაკუშაძე
260 ## - PUBLICATION, DISTRIBUTION, ETC.
Place of publication, distribution, etc. თბილისი.
260 ## - PUBLICATION, DISTRIBUTION, ETC.
Name of publisher, distributor, etc. ტექნიკა და შრომა
260 ## - PUBLICATION, DISTRIBUTION, ETC.
Date of publication, distribution, etc. 1948
300 ## - PHYSICAL DESCRIPTION
Extent 215გვ.24სმ.
300 ## - PHYSICAL DESCRIPTION
Accompanying material ილ.
653 ## - INDEX TERM--UNCONTROLLED
Uncontrolled term ტექნიკური მექანიკა
942 ## - ADDED ENTRY ELEMENTS (KOHA)
Koha item type წიგნი
ეგზემპლარები
Withdrawn status Lost status Damaged status Not for loan Date acquired Barcode Date last seen Price effective from Koha item type
        2018-12-17 19566 2018-12-17 2018-12-17 წიგნი